LEADER 00671nam a2200193 i 4500 001 000000254443 003 CaOOAMICUS 005 20170606000000.0 008 170606s1836 xx u000 u fre u 013 $a233348 040 $aSeMil$bita 245 10$aTome 4. 300 $a363 p. 773 0 $aCapefigue, Jean Baptiste Honoré Raymond <1801-1872>$tRichelieu, Mazarin, la fronde et le règne de Louis 14..$dBruxelles : Hauman & C., 1835-1836.$g4$w()33743 850 $aSeMil 852 $aSeMil$W1$xVenegono$y1$m3V I 206 FA$j204789$B204789$CSeMilBibl$Z2$F218321 $8I 941 1 $a10 961 $aRecupero: Mantegazza 996 $6245$aTome 4$9(OLS)http://semarc/title/1585 LEADER 00783nam a2200205 i 4500 001 000000179499 003 CaOOAMICUS 005 20250902114716.0 008 090515s1969 xxk u000 u mul u 040 $aSeMil$bita 245 10$aVol. 4. 300 $aX, 605 p. 490 1 $aThe Loeb Classical Library ;$v235 773 0 $aAthenaeus : Naucratita $tDeipnosophists.$dCambridge, Massachusetts : Harvard University Press ; London : Heinemann, 1969-1983.$w()21318 830 4$aThe Loeb Classical Library ;$v235.$0(OLS)http://semarc/title/26868 850 $aSeMil 852 $aSeMil$W1$xVenegono$y1$m1Y III 8/4$j261240$B130261$CSeMilBibl$Z2$F141730 $81 961 $aOmaggio: Villa don Cesare 996 $6245$aVol. 4$9(OLS)http://semarc/title/108694 LEADER 00893nam a2200205 i 4500 001 000000202670 003 CaOOAMICUS 005 20180118000000.0 008 180118n it u000 u ita u 013 $a181380 040 $aSeMil$bita 245 10$a[Al novello prevosto di Seregno :$bMons. Dott. Bernardo Citterio, i suoi figli esultanti. 260 $aS.l. :$bs.n.,$c1957]$e(Seregno :$fVentura ,$g1957]) 300 $a24 p. :$bill. ;$c25 cm. 600 14$aCitterio, Bernardo .$0(OLS)http://semarc/subject/32808 850 $aSeMil 852 $aSeMil$W1$xVenegono$y1$m5D IX 23/21$j153172$B153172$CSeMilBibl$Z2$F164184 $81 961 $aRecupero: Seminario di Seveso 996 $6245$a[Al novello prevosto di Seregno :$bMons. Dott. Bernardo Citterio, i suoi figli esultanti$9(OLS)http://semarc/title/409457 996 $6260$aS.l. :$bs.n.$9(OLS)http://semarc/publisher/39639